00398nam a22001457a 450000500170000000800410001702000180005804100080007608200120008410000160009624500630011226000540017530000100022965000130023920200517155012.0200517b xxu||||| |||| 00| 0 eng d a9788123914848 aeng a615 RAV aRAVEENDRA R aViva voice Model questioons and question bank for diploma  aNew DelhibCBS Publishers and distributors c2019 a138 x aPharmacy